[Event "ch-CRC"]
[Site "San Jose CRC"]
[Date "2001.06.01"]
[Round "5"]
[White "Vaglio,J"]
[Black "Granados,C"]
[Result "0-1"]
[WhiteElo "2217"]
[BlackElo "2239"]

1.Nf3 Nf6 2.c4 c5 3.Nc3 e6 4.d4 cxd4 5.Nxd4 a6 6.g3 Qc7 7.Bg2 Qxc4 8.O-O Nc6
9.Nxc6 bxc6 10.e4 Be7 11.Re1 O-O 12.a3 Rb8 13.e5 Nd5 14.Ne4 f6 15.b4 Qb5
16.Bf1 Qb6 17.Bd3 f5 18.Nd2 c5 19.Nc4 Qa7 20.g4 f4 21.Qc2 h6 22.Qe2 Nc3 23.Qd2 cxb4
24.Bb2 Bb7 25.axb4 Nd5 26.Bd4 Qa8 27.Reb1 Nxb4 28.Nb6 Qa7 29.Rxb4 Bxb4 30.Qxb4 Ba8
31.Be2 Qb7 32.f3 Qc6 33.Qc5 Bb7 34.Qxc6 Bxc6 35.Bc5 Rfe8 36.Rxa6 Rb7 37.Kf2 g5
38.Ra2 Kg7 39.Rd2 Reb8 40.Nc4 Rb1 41.Bd3 Rh1 42.Kg2 Rc1 43.Bf2 h5 44.h3 hxg4
45.hxg4 Rh8 46.Nd6 Rch1 47.Bg1 Bxf3+ 48.Kxf3 Rxg1 49.Bb5 Rg3+ 50.Ke4 Rb8
51.Kd4 Rxg4 52.Kc5 f3 53.Nc4 Rc8+ 54.Kb4 Rf4 55.Rxd7+ Kg6 56.Kb3 Rb8 57.Nd6 Rxb5+
58.Nxb5 f2 59.Rd1 f1=Q 60.Rxf1 Rxf1 61.Kc4 Kf5  0-1

[Event "2nd IECC"]
[Site "Ohrid MKD"]
[Date "2001.06.02"]
[Round "2"]
[White "Istratescu,A"]
[Black "Gunnarsson,J"]
[Result "1-0"]
[WhiteElo "2561"]
[BlackElo "2366"]

1.c4 Nf6 2.Nc3 c5 3.Nf3 b6 4.d4 cxd4 5.Nxd4 Bb7 6.f3 d6 7.e4 e6 8.Be2 a6
9.Be3 Nbd7 10.O-O Be7 11.Nb3 Qc7 12.a4 O-O 13.a5 Rac8 14.axb6 Nxb6 15.Na5 Ba8
16.Qd2 Rfd8 17.Rfc1 Qb8 18.Bd4 Nfd7 19.Kh1 h6 20.Bf1 Bg5 21.Be3 Bf6 22.Qf2 Qc7
23.b4 Rb8 24.c5 dxc5 25.bxc5 Nc8 26.Bxa6 Ne5 27.Qe2 Na7 28.Ra3 Rb4 29.Na2 Rb2
30.Qxb2 Nd3 31.Qe2 Nxc1 32.Nxc1 Bg5 33.Bxg5 hxg5 34.Bd3  1-0

[Event "2nd IECC"]
[Site "Ohrid MKD"]
[Date "2001.06.03"]
[Round "3"]
[White "Konopka,M"]
[Black "Kristjansson,S"]
[Result "1/2-1/2"]
[WhiteElo "2507"]
[BlackElo "2371"]

1.Nf3 Nf6 2.c4 c5 3.Nc3 e6 4.g3 b6 5.Bg2 Bb7 6.O-O Be7 7.d4 cxd4 8.Qxd4 d6
9.Bg5 a6 10.Bxf6 Bxf6 11.Qd3 Ra7 12.Rad1 Be7 13.Nd4 Bxg2 14.Kxg2 O-O 15.f4 g6
16.Qf3 Qc8 17.b3 Rc7 18.Rd3 Nd7 19.Rfd1 Nc5 20.Re3 Rd8 21.h4 Bf6 22.h5 Bg7
23.hxg6 hxg6 24.g4 e5 25.Nc2 exf4 26.Qxf4 Ne6 27.Qe4 Bxc3 28.Rxc3 d5 29.Qe5 Ng7
30.Ne3 Re8 31.Qg3 dxc4 32.Rxc4 Qb7+ 33.Kg1 Rd7 34.Rxd7 Qxd7 35.Qf3 Ne6 36.Nd5 Kf8
37.Nf6 Qd1+ 38.Qf1 Rd8 39.Qxd1 Rxd1+ 40.Kf2 Rd2 41.Ke3 Rxa2 42.Nd7+ Kg7 43.Nxb6 Ra3
44.Rc3 Nc5 45.Rxc5 Rxb3+ 46.Kf4 Rxb6 47.Ra5 Kf6 48.e4 Ke6 49.g5 Kd7 50.Ra2 Re6
51.e5 Rb6 52.Ra4 Kc6 53.Rc4+ Kb7 54.Ke4 a5 55.Kd5 Ra6 56.Rf4 a4  1/2-1/2

[Event "2nd IECC"]
[Site "Ohrid MKD"]
[Date "2001.06.03"]
[Round "3"]
[White "Greenfeld,A"]
[Black "Cyborowski,L"]
[Result "1-0"]
[WhiteElo "2570"]
[BlackElo "2450"]

1.Nf3 Nf6 2.c4 c5 3.Nc3 b6 4.g3 Bb7 5.Bg2 e6 6.O-O Be7 7.Re1 d6 8.e4 a6 9.d4 cxd4
10.Nxd4 Qc7 11.Be3 Nbd7 12.f4 O-O 13.Rc1 Rfe8 14.g4 Nc5 15.Bf2 g6 16.b4 Ncd7
17.Nd5 exd5 18.cxd5 Qd8 19.Nc6 Bxc6 20.dxc6 Rc8 21.e5 dxe5 22.fxe5 Nxe5 23.Rxe5 Qxd1+
24.Rxd1 Nxg4 25.Rxe7 Rxe7 26.Bxb6 Ne5 27.Rd8+ Re8 28.c7 Nc4 29.Bb7  1-0

[Event "ch-CRC"]
[Site "San Jose CRC"]
[Date "2001.06.03"]
[Round "7"]
[White "Valdes,Le"]
[Black "Minero Pineda,S"]
[Result "1/2-1/2"]
[WhiteElo "2387"]
[BlackElo "2412"]

1.c4 Nf6 2.Nc3 c5 3.Nf3 e6 4.g3 b6 5.Bg2 Bb7 6.O-O Be7 7.d4 cxd4 8.Qxd4 d6
9.Rd1 a6 10.b3 Nbd7 11.e4 Qb8 12.Ba3 Nc5 13.e5 dxe5 14.Qxe5 Ncd7 15.Qxb8+ Rxb8
16.Bc1 Rc8 17.Bb2 Rc7 18.Ng5 Bxg2 19.Kxg2 Nc5 20.Nf3 O-O 21.Ne5 Rb8 22.Ne2 Rbc8
23.Nd4 Ncd7 24.Nd3 Kf8 25.Nf3 Rb7 26.Rac1 Nc5 27.Nfe5 Nxd3 28.Rxd3 Ke8 29.Rcd1 b5
30.Rc1 Rbc7 31.Rdd1 g6 32.h3 bxc4 33.Nxc4 Nd5 34.Ra1 h5 35.h4 Rc6 36.Be5 Kf8
37.Bb2 Bf6 38.Bxf6 Nxf6 39.Rd3 Nd5 40.Rf3 R6c7 41.Re1 Kg7 42.Re2 Rb8 43.Kh2 Rd8
44.Rd2 Rb8 45.Rfd3 Rbc8 46.Kg2 Rc5 47.Nd6 Ra8 48.Nc4 Rb8 49.Kf1 Rcb5 50.Rf3 Rc5
51.Kg2 Rc7 52.Rfd3 Rc5 53.Ne3 Nxe3+ 54.Rxe3 Rb7 55.Re4 Rc6 56.Ra4 Rb5 57.Rdd4 a5
58.Rac4 Ra6 59.Rd3 Ra7 60.Kf1 Re5 61.Ra4 Rc7 62.Rd2 Rc1+ 63.Kg2 Rf5 64.Rb2 Rb5
65.Rd4 Rc3 66.Re2 Rbc5 67.Rd7 Kf6 68.Ra7 Rf5 69.Rd2 Kg7 70.Rb2 Rb5 71.Re2 Rc6
72.Re3 Rf5 73.Rf3 Rcc5 74.Rxf5 Rxf5 75.Rb7 Kf6 76.b4 axb4 77.Rxb4 Rc5 78.Rf4+ Ke7
79.Rf3 Rc2 80.a3 Ra2 81.Kf1 e5 82.Rb3 Ke6 83.Rf3  1/2-1/2

[Event "2nd IECC"]
[Site "Ohrid MKD"]
[Date "2001.06.05"]
[Round "5"]
[White "Krasenkow,M"]
[Black "Mikhalevski,V"]
[Result "1-0"]
[WhiteElo "2655"]
[BlackElo "2523"]

1.Nf3 Nf6 2.c4 c5 3.Nc3 d5 4.cxd5 Nxd5 5.d4 Nxc3 6.bxc3 g6 7.e4 Bg7 8.Rb1 O-O
9.Be2 b6 10.O-O Bb7 11.d5 Bxc3 12.Bc4 Nd7 13.Bf4 Bg7 14.Re1 Nf6 15.Qb3 Ne8
16.e5 Nc7 17.d6 exd6 18.exd6 Ne6 19.Bxe6 fxe6 20.Qxe6+ Kh8 21.Bg5 Bf6 22.Bh6 Bg7
23.Ng5 Qf6 24.Qxf6 Bxf6 25.Bxf8 Rxf8 26.Ne6 Rf7 27.Nd8 Rd7 28.Re8+ Kg7 29.Nxb7 Rxb7
30.Rc8 Kh6 31.Rc7 Rb8 32.d7 Rd8 33.Re1 Kg7 34.Re8 Kf7 35.Rxa7  1-0

[Event "2nd IECC"]
[Site "Ohrid MKD"]
[Date "2001.06.06"]
[Round "6"]
[White "Georgiev,Ki"]
[Black "Nisipeanu,LD"]
[Result "1/2-1/2"]
[WhiteElo "2676"]
[BlackElo "2596"]

1.Nf3 Nf6 2.c4 e6 3.Nc3 c5 4.g3 b6 5.Bg2 Bb7 6.O-O Be7 7.d4 cxd4 8.Qxd4 d6
9.Rd1 a6 10.b3 Nbd7 11.e4 Qc7 12.Ba3 Nc5 13.e5 dxe5 14.Qxe5 Rc8 15.Qe2 Na4
16.Nxa4 Bxa3 17.Nd4 Bxg2 18.Kxg2 O-O 19.Nc2 Be7 20.Ne3 Qb8 21.Rac1 b5 22.Nc3 Ba3
23.Rc2 Bc5 24.Rd3 Qb7+ 25.f3 h6 26.Ncd1 Nd7 27.Ng4 Be7 28.Nb2 h5 29.Ne5 Nxe5
30.Qxe5 Rc5 31.Qe2 Rc7 32.Rd1 Rfc8 33.Rcd2 Bf6 34.cxb5 axb5 35.Nd3 Bg5 36.Nf4 Bxf4
37.gxf4 Rc3 38.h4 Kh7 39.Kg3 b4 40.Rd7 R8c7 41.Rxc7 Qxc7 42.Qe4+ f5 43.Qxe6 Qc5
44.Qe8 Rd3 45.Qxh5+ Kg8 46.Qe8+ Kh7 47.Qh5+ Kg8 48.Re1 Re3 49.Rf1 Re2 50.Qg6 Rxa2
51.Qe8+ Kh7 52.Qh5+ Kg8 53.Qe8+ Kh7 54.Qh5+ Kg8  1/2-1/2

[Event "2nd IECC"]
[Site "Ohrid MKD"]
[Date "2001.06.07"]
[Round "7"]
[White "Agrest,E"]
[Black "Nielsen,PH"]
[Result "1/2-1/2"]
[WhiteElo "2532"]
[BlackElo "2585"]

1.c4 Nf6 2.Nc3 c5 3.Nf3 e6 4.g3 b6 5.Bg2 Bb7 6.O-O Be7 7.Re1 d6 8.e4 a6 9.d4 cxd4
10.Nxd4 Qc7 11.Be3 Nbd7 12.Rc1 O-O 13.f4 h5 14.h3 Rfe8 15.Bf2 g6 16.Nf3 Bf8
17.b3 Rac8 18.Qd2 Qb8 19.Ng5 Ba8 20.Qe2  1/2-1/2

[Event "2nd IECC"]
[Site "Ohrid MKD"]
[Date "2001.06.07"]
[Round "7"]
[White "Minasian,Ara"]
[Black "Gunnarsson,J"]
[Result "0-1"]
[WhiteElo "2478"]
[BlackElo "2366"]

1.c4 Nf6 2.Nc3 c5 3.Nf3 b6 4.e3 Bb7 5.d4 cxd4 6.exd4 d6 7.d5 g6 8.Bg5 Bg7
9.Qd2 O-O 10.Bh6 Nbd7 11.Be2 Re8 12.Bxg7 Kxg7 13.O-O Rc8 14.Nd4 a6 15.b3 Qc7
16.Rac1 Qb8 17.f4 e6 18.Bf3 e5 19.Nc6 Bxc6 20.dxc6 Nc5 21.b4 Ne6 22.fxe5 dxe5
23.b5 axb5 24.cxb5 Nd4 25.Qf2 Qd6 26.Be4 Re7 27.a4 Ng4 28.Qh4 f5 29.Nd5 Rf7
30.Nxb6 Ne2+ 31.Kh1 Rcf8 32.Bd5 Nxc1 33.Bxf7 Rxf7 34.h3 e4 35.hxg4 Ne2 36.Re1 Ng3+
37.Kh2 f4 38.Nd7 Qd2 39.Rg1 Qf2 40.Qg5 Ne2 41.Rd1 f3 42.Qe5+ Kh6 43.g5+ Kh5
44.Nf6+ Rxf6 45.gxf6+ Kh6  0-1

[Event "2nd IECC"]
[Site "Ohrid MKD"]
[Date "2001.06.09"]
[Round "8"]
[White "Zvjaginsev,V"]
[Black "Luther,T"]
[Result "1/2-1/2"]
[WhiteElo "2627"]
[BlackElo "2568"]

1.c4 c5 2.Nf3 Nf6 3.Nc3 e6 4.e4 Nc6 5.Be2 d5 6.exd5 exd5 7.d4 Be6 8.Be3 dxc4
9.O-O cxd4 10.Nxd4 Nxd4 11.Bxd4 Be7 12.Qa4+ Qd7 13.Qxd7+ Nxd7 14.Bxg7 Rg8
15.Bh6 Bg5 16.Bxg5 Rxg5 17.f4 Ra5 18.f5 Rxf5 19.Rxf5 Bxf5 20.Bxc4 Kf8 21.Rf1 Bg6
22.Bd5 Ne5 23.Ne4 Rd8 24.Bxb7 Rd4 25.Nc5 Rd2 26.Re1 Nd3 27.Nxd3 Bxd3 28.Rc1 Rxb2
29.Bd5 Ke7 30.Rc3 Bg6 31.Ra3 Kd6 32.Bf3 Bb1 33.Ra6+ Ke5 34.a4 f5 35.Rxa7 Be4
36.Rxh7 Bxf3 37.gxf3 Kf4 38.Rh4+ Kxf3 39.Rh3+ Ke2 40.Ra3 f4 41.Kg2 Rb8 42.Ra2+ Ke3
43.Ra3+ Ke4  1/2-1/2

[Event "2nd IECC"]
[Site "Ohrid MKD"]
[Date "2001.06.09"]
[Round "8"]
[White "Wells,P"]
[Black "Stojanovski,D"]
[Result "1/2-1/2"]
[WhiteElo "2522"]
[BlackElo "2351"]

1.Nf3 Nf6 2.c4 c5 3.Nc3 g6 4.g3 b6 5.b3 Bg7 6.Bb2 O-O 7.Bg2 Bb7 8.O-O d5
9.Nxd5 Nxd5 10.Bxg7 Kxg7 11.cxd5 Qxd5 12.d4 cxd4 13.Qxd4+ Qxd4 14.Nxd4 Bxg2
15.Kxg2 Rc8 16.Rac1 Nd7 17.Nc6 Nc5  1/2-1/2

[Event "2nd IECC"]
[Site "Ohrid MKD"]
[Date "2001.06.10"]
[Round "9"]
[White "Lautier,J"]
[Black "Jacimovic,D"]
[Result "1-0"]
[WhiteElo "2658"]
[BlackElo "2504"]

1.Nf3 c5 2.c4 Nf6 3.Nc3 g6 4.d4 Bg7 5.d5 d6 6.e4 O-O 7.h3 e6 8.Bd3 exd5 9.cxd5 b5
10.Nxb5 Nxe4 11.O-O a6 12.Na3 Nf6 13.Nc4 Bb7 14.Bf4 Bxd5 15.Bxd6 Re8 16.Bxc5 Nbd7
17.Be3 Qb8 18.b3 a5 19.Rb1 Ra6 20.Re1 Qa8 21.Bd4 Rxe1+ 22.Nxe1 Bb7 23.Bf1 Be4
24.Rb2 Bf8 25.Rd2 a4 26.bxa4 Rxa4  1-0

[Event "2nd IECC"]
[Site "Ohrid MKD"]
[Date "2001.06.10"]
[Round "9"]
[White "Podgaets,M"]
[Black "Chuchelov,V"]
[Result "0-1"]
[WhiteElo "2477"]
[BlackElo "2550"]

1.Nf3 Nf6 2.c4 c5 3.Nc3 b6 4.e3 g6 5.d4 Bg7 6.d5 O-O 7.e4 d6 8.h3 e5 9.Bg5 Na6
10.Qd2 Nc7 11.Bd3 Qe8 12.g4 Bd7 13.O-O-O b5 14.Rdg1 bxc4 15.Bxc4 Rb8 16.Bh6 Rb4
17.Bxg7 Kxg7 18.Bd3 Nb5 19.Bxb5 Bxb5 20.Nh4 Kh8 21.f3 Qe7 22.Ng2 Rb8 23.Ne3 Ba6
24.Ned1 Nd7 25.h4 c4 26.Rg2 Nc5 27.Qe3 f6 28.Rhh2 Bc8 29.Kb1 Nd3 30.g5 fxg5
31.hxg5 Bd7 32.Rg1 Be8 33.Rgh1 h5 34.gxh6 Kh7 35.Ka1 R8b7 36.Nf2 Nf4 37.Ng4 Bd7
38.Rg1 Qf8 39.Qe1 Rxb2 40.Rxb2 Rxb2 41.Qh4 Rb7 42.Nf6+ Kh8 43.Nxd7 Rxd7 44.Rb1 Kh7
45.Qg4 Rf7 46.Rg1 Qd8 47.Ne2 Qa5  0-1

[Event "2nd IECC"]
[Site "Ohrid MKD"]
[Date "2001.06.13"]
[Round "12"]
[White "Hillarp Persson,T"]
[Black "Stamenkov,V"]
[Result "0-1"]
[WhiteElo "2443"]
[BlackElo "2380"]

1.c4 Nf6 2.Nc3 c5 3.Nf3 e6 4.g3 b6 5.Bg2 Bb7 6.O-O Be7 7.Re1 d6 8.e4 e5 9.d3 O-O
10.Nh4 Nc6 11.Nf5 Nd4 12.Nxe7+ Qxe7 13.f4 Ne8 14.f5 a6 15.Rf1 f6 16.h4 b5
17.g4 bxc4 18.dxc4 g5 19.Kf2 h6 20.Rh1 Kg7 21.Rh3 Rh8 22.Bd2 Nc7 23.Qh1 Rh7
24.Qh2 Rah8 25.Rh1 Kg8 26.Bf1 Na8 27.hxg5 fxg5 28.Nd5 Bxd5 29.cxd5 Nc7 30.Ra3 Ne8
31.Rxa6 Nf6 32.Qg2 Kg7 33.Bc4 Rb8 34.b3 Rhh8 35.Ke3 Ra8 36.Rxa8 Rxa8 37.Qh3 Rh8
38.Kd3 Rh7 39.a4 Qb7 40.a5 Nb5 41.Ra1 Rh8 42.a6 Qb6 43.Qh2 Na7 44.Rh1 Rh7
45.Bc3 Nb5 46.a7 Nxa7 47.Bxe5 dxe5 48.Qxe5 Nc8 49.Ra1 Rh8 50.Ra6 Qd8 51.Re6 Re8
52.Rxe8 Qxe8 53.Qxe8 Nxe8 54.e5 Nf6 55.d6 Nxg4 56.Ke4 Nxd6+ 57.exd6 Kf6 58.Kd5 Ne5
59.Kxc5 g4 60.Kb6 Kxf5 61.Bd5 h5 62.Kc7 h4 63.d7 Nxd7 64.Kxd7 h3 65.b4 Ke5
66.Be6 h2  0-1

[Event "2nd IECC"]
[Site "Ohrid MKD"]
[Date "2001.06.14"]
[Round "13"]
[White "Chernyshov,K"]
[Black "Gunnarsson,J"]
[Result "1-0"]
[WhiteElo "2536"]
[BlackElo "2366"]

1.c4 Nf6 2.Nc3 c5 3.Nf3 e6 4.g3 b6 5.Bg2 Bb7 6.O-O Be7 7.d3 d6 8.a3 Nbd7
9.b4 O-O 10.Rb1 Qc7 11.bxc5 Nxc5 12.e4 a6 13.Bf4 Rac8 14.Na4 Nfd7 15.Nxc5 Nxc5
16.Qe2 b5 17.cxb5 axb5 18.Nd4 Ba6 19.Nb3 Nxb3 20.Rxb3 Bf6 21.Rfb1 Bd4 22.Be3 Qc5
23.Bxd4 Qxd4 24.Bf1 e5 25.Rb4 Qc5 26.Qb2 Rc6 27.d4 exd4 28.Qxd4 Qxd4 29.Rxd4 Ra8
30.Rbd1 Kf8 31.Rxd6 Rxd6 32.Rxd6 Ke7 33.Rc6 Bc8 34.Bxb5 Bh3 35.a4 Rd8 36.Rc1 Rd4
37.a5 Rb4 38.Bc6 Bc8 39.Bd5 Kd8 40.Ra1 Ba6 41.e5 Ke7 42.f4  1-0

[Event "ch-CRC"]
[Site "San Jose CRC"]
[Date "2001.06.14"]
[Round "11"]
[White "Valdes,Le"]
[Black "Granados,C"]
[Result "1/2-1/2"]
[WhiteElo "2387"]
[BlackElo "2239"]

1.c4 Nf6 2.Nf3 c5 3.Nc3 e6 4.g3 b6 5.Bg2 Bb7 6.O-O Be7 7.d4 cxd4 8.Qxd4 d6
9.Rd1 a6 10.b3 Nbd7 11.e4 Qc8 12.Qe3 O-O 13.Bb2 Qc7 14.Nd4 Rfe8 15.Rac1 Rad8
16.Rc2 Qb8 17.h3 Bf8 18.Re2 h6 19.Kh1 Ne5 20.f4 Ng6 21.Red2 Qc7 22.a4 h5
23.Nf3 Nd7 24.Ba1 Nf6 25.Qe2 h4 26.Nxh4 Nxh4 27.gxh4 Nd7 28.Rg1 Nc5 29.Rb2 d5
30.b4 d4 31.bxc5 dxc3 32.Rc2 Qxf4 33.Rf1 Qxh4 34.cxb6 Rd2 35.Rxd2 cxd2 36.Bc3 Rd8
37.Bxd2 f5 38.Be1 Qh6 39.h4 Rd4 40.exf5 Rxh4+ 41.Bxh4 Qxh4+ 42.Kg1 Bc5+ 43.Rf2 Bxg2
44.Kxg2 Qg5+ 45.Kf1 Qc1+ 46.Kg2 Qg5+ 47.Kh3 Qh6+ 48.Kg4 Bxf2 49.Qxf2 exf5+
50.Qxf5 Qxb6 51.Qd5+ Kf8  1/2-1/2

[Event "43rd Tch-POR"]
[Site "Barreiro POR"]
[Date "2001.06.16"]
[Round "3"]
[White "Damaso,R"]
[Black "Dias,P"]
[Result "1-0"]
[WhiteElo "2424"]
[BlackElo "2326"]

1.Nf3 Nf6 2.c4 c5 3.Nc3 e6 4.g3 b6 5.Bg2 Bb7 6.O-O a6 7.Re1 d6 8.e4 Qc7 9.d4 cxd4
10.Nxd4 Be7 11.b3 O-O 12.Bb2 Nc6 13.Rc1 Nxd4 14.Qxd4 Rab8 15.h4 Ba8 16.a4 Rfd8
17.Qd3 Bf8 18.Qe2 Re8 19.g4 Qe7 20.g5 Nd7 21.Rcd1 f6 22.f4 Qf7 23.Qg4 Rbc8
24.Qg3 Nc5 25.b4 Nd7 26.Bf1 fxg5 27.fxg5 d5 28.exd5 Bxb4 29.dxe6 Rxe6 30.Rxe6 Qxe6
31.Bh3 Qc6 32.Nd5 Qxc4 33.Nxb4 Qxb4 34.Bxd7 Rf8 35.Be6+ Kh8 36.Qc3  1-0

[Event "Savic-Mauzer Mem"]
[Site "Bijeljina YUG"]
[Date "2001.06.16"]
[Round "1"]
[White "Ivkov,B"]
[Black "Sekulic,V"]
[Result "1-0"]
[WhiteElo "2425"]
[BlackElo "2305"]

1.Nf3 Nf6 2.c4 c5 3.Nc3 g6 4.d4 cxd4 5.Nxd4 Bg7 6.e4 d6 7.Be2 Nc6 8.Be3 Bd7
9.O-O O-O 10.Rc1 Qb8 11.f3 Rd8 12.Qd2 a6 13.a4 b6 14.b3 Qb7 15.Rfd1 h5 16.Bf1 Be8
17.Nxc6 Bxc6 18.b4 Bd7 19.Rb1 Be6 20.Rdc1 Rac8 21.Nd5 Nxd5 22.cxd5 Bd7 23.b5 Rxc1
24.Rxc1 axb5 25.axb5 Rc8 26.Rxc8+ Bxc8 27.Qc2 Bd7 28.Qa4 Bc8 29.Qa6 Bc3 30.Qxb6 Qxb6
31.Bxb6 Kf8 32.Be3 Ke8 33.b6 Kd8 34.Bb5 Bb7 35.Bc6 Kc8 36.Be8 f5 37.Bxg6 fxe4
38.fxe4 h4 39.g4 hxg3 40.hxg3  1-0

[Event "Savic-Mauzer Mem"]
[Site "Bijeljina YUG"]
[Date "2001.06.19"]
[Round "4"]
[White "Ivkov,B"]
[Black "Cosma,I"]
[Result "0-1"]
[WhiteElo "2425"]
[BlackElo "2467"]

1.Nf3 Nf6 2.c4 c5 3.Nc3 e6 4.e3 d5 5.d4 cxd4 6.exd4 Bb4 7.cxd5 Nxd5 8.Bd2 O-O
9.Bd3 Nc6 10.O-O Be7 11.a3 Bf6 12.Qc2 g6 13.Bh6 Bg7 14.Bxg7 Kxg7 15.Be4 Nce7
16.Rac1 b6 17.Nxd5 Nxd5 18.Qc6 Ba6 19.Rfe1 Rc8 20.Qa4 Rxc1 21.Rxc1 Be2 22.Qxa7 Nf6
23.Ng5 Kg8 24.Qa4 h6 25.Bf3 Bd3 26.Nh3 g5 27.g3 Bf5 28.Bg2 Qd6 29.f3 Rd8
30.Nf2 Qxd4 31.Qxd4 Rxd4 32.Rd1 Rc4 33.Ne4 Bxe4 34.fxe4 Rc2 35.b4 Ng4 36.Bf3 Nxh2
37.Rd8+ Kg7 38.Bd1 Ra2 39.a4 g4 40.a5 bxa5 41.bxa5 Nf3+ 42.Bxf3 gxf3 43.Rd3 Rxa5
44.Rxf3 Ra4 45.Re3 Kf6 46.e5+ Kf5 47.Rf3+ Kg6 48.Re3 Ra2 49.Re4 h5 50.Kf1 Rb2
51.Kg1 Rb7 52.Kg2 Kf5 53.Re3 Rb4 54.Rf3+ Kg6 55.Re3 Rg4 56.Kh3 Rg5 57.Re4 Kg7
58.Kh4 Rf5 59.Re3 Kf8 60.Re2 Kg8 61.Re4 Kg7 62.Re3 Kg6 63.Re4 Rf1 64.Kh3 Kf5
65.Re2 Kg6 66.Kg2 Rc1 67.Re4 Rc7 68.Re2 Rc4 69.Kh3 Rg4 70.Re3 Kg5 71.Rf3 h4
72.Rxf7 Rxg3+ 73.Kh2 Re3 74.Rg7+ Kf4 75.Rh7 h3 76.Rh5 Kg4 77.Rh8 Re2+ 78.Kh1 Rxe5
79.Rg8+ Rg5 80.Re8 e5 81.Kh2 Rh5  0-1

[Event "IV Copa Mercosur"]
[Site "Vicente Lopez ARG"]
[Date "2001.06.25"]
[Round "3"]
[White "Hoffman,A"]
[Black "Scarella,E"]
[Result "1/2-1/2"]
[WhiteElo "2453"]
[BlackElo "2361"]

1.c4 c5 2.Nf3 Nf6 3.Nc3 g6 4.d4 cxd4 5.Nxd4 Nc6 6.e4 d6 7.Be2 Nxd4 8.Qxd4 Bg7
9.f3 O-O 10.Qf2 Be6 11.O-O Qa5 12.Rd1 Rfc8 13.Nd5 Nxd5 14.exd5 Bf5 15.Bf1 Qb6
16.g4 Bc2 17.Rd2 Qxf2+ 18.Kxf2 Ba4 19.Rb1 Rab8 20.b3 Be8 21.Re2 Bd4+ 22.Kg2 Rc7
23.Re4 Bg7 24.Bg5 f6 25.Bf4 b5 26.Rbe1 bxc4 27.bxc4 Rb2+ 28.Kg1 Bf8 29.Bxd6 exd6
30.Rxe8 Rxa2 31.Rb8 Kf7 32.c5 Rxc5 33.Rb7+ Kg8 34.Rb8 Kf7 35.Rb7+ Kg8 36.Rb8 Kf7  1/2-1/2

[Event "GM"]
[Site "Clichy FRA"]
[Date "2001.06.26"]
[Round "2"]
[White "Renet,O"]
[Black "Conquest,S"]
[Result "0-1"]
[WhiteElo "2494"]
[BlackElo "2563"]

1.Nf3 c5 2.c4 Nf6 3.Nc3 e6 4.e3 d5 5.d4 a6 6.cxd5 exd5 7.Be2 Nc6 8.O-O Bd6
9.dxc5 Bxc5 10.b3 O-O 11.Bb2 Re8 12.Rc1 Ba7 13.Na4 Ne4 14.Nd4 Qg5 15.Nxc6 bxc6
16.Bd4 Bh3 17.Bf3 Bxd4 18.Qxd4 Re6 19.Rc2 Rg6 20.Bxe4 dxe4 21.f4 exf3 22.Rxf3 Rd8
23.Qa1 Bxg2 24.Rg3 Qh5 25.Kxg2 Rxg3+ 26.hxg3 Rd1 27.Qxd1 Qxd1 28.Rf2 Qd5+
29.Kh2 Qd3 30.Nb2 Qxe3 31.Rg2 Qh6+ 32.Kg1 Qc1+ 33.Kh2 h5 34.Nd3 Qe3 35.Nf4 h4  0-1

[Event "IV Copa Mercosur"]
[Site "Vicente Lopez ARG"]
[Date "2001.06.26"]
[Round "4"]
[White "Scarella,E"]
[Black "Dorin,M"]
[Result "1-0"]
[WhiteElo "2361"]
[BlackElo "2410"]

1.Nf3 Nf6 2.c4 c5 3.Nc3 g6 4.d4 cxd4 5.Nxd4 Bg7 6.e4 d6 7.Be2 Nc6 8.Be3 O-O
9.O-O Bd7 10.Qd2 Nxd4 11.Bxd4 Bc6 12.f3 Nd7 13.Be3 a5 14.b3 Nc5 15.Rab1 Re8
16.a3 Qc7 17.Nd5 Bxd5 18.cxd5 a4 19.bxa4 Nxa4 20.Bb5 Rec8 21.Rfc1 Nc5 22.a4 Qa5
23.Qxa5 Rxa5 24.Rb4 h5 25.Kf1 Rc7 26.Ke2 Ra8 27.Rbc4 Rac8 28.Bd2 e6 29.dxe6 fxe6
30.Bf4 Bf8 31.Rd1 e5 32.Be3 Nb3 33.Rxc7 Rxc7 34.Kd3 Kh7 35.Rb1 Nd4 36.Bc4 Bh6
37.Bxd4 exd4 38.Kxd4 Bg7+ 39.Kd3 Kh6 40.f4 g5 41.g3 h4 42.Rb6 hxg3 43.hxg3 gxf4
44.gxf4 Bf8 45.Bd5 Kh5 46.Rxb7 Rc1 47.Rf7 Bh6 48.Rf6 Bg7 49.Rxd6 Rc3+ 50.Kd2 Ra3
51.Bf7+ Kh4 52.Be8 Bf8 53.Rg6 Bb4+ 54.Ke2 Bc5 55.Bc6 Re3+ 56.Kd2 Rf3 57.f5 Kh5
58.Be8 Kh4 59.f6 Re3 60.Bc6 Kh5 61.Rg8 Rf3 62.e5 Rf5 63.f7 Kh6 64.e6 Rf6
65.Bd7  1-0

[Event "Narciso Yepes"]
[Site "Lorca ESP"]
[Date "2001.06.29"]
[Round "9"]
[White "Damljanovic,B"]
[Black "Suba,M"]
[Result "1/2-1/2"]
[WhiteElo "2574"]
[BlackElo "2533"]

1.Nf3 c5 2.c4 Nf6 3.Nc3 e6 4.g3 b6 5.Bg2 Bb7 6.O-O d6 7.d4 cxd4 8.Qxd4 a6
9.Bg5 Nbd7 10.Rfd1 Be7 11.Rac1 O-O 12.b3 Qc7 13.Qe3 Rfe8 14.Bxf6 Nxf6 15.Nd4 Bxg2
16.Kxg2 Rac8 17.Qf3 Bf8 18.e3 Nd7 19.Qe2 Qb7+ 20.Qf3 Qb8 21.Kg1 g6 22.g4 Bg7
23.Qg3 Ne5 24.Ne4 d5 25.cxd5 Rxc1 26.Rxc1 exd5 27.Ng5 Rc8 28.Rd1 h6 29.Ngf3 Rc5
30.Kg2 Qc7 31.h3 b5 32.Nxe5 Bxe5 33.Qf3 b4 34.Qe2 a5 35.Qa6 Kg7 36.Nf3 Bf6
37.Rd2 Bc3 38.Rd1 Qe7 39.Qd3 Bf6 40.Rd2 Kg8 41.Qa6 Qe6 42.Qd3 Bc3 43.Rc2 Qc6
44.Kf1 a4 45.bxa4 Qxa4 46.Ng1 Ra5 47.Ne2 Be5 48.Nc1 Qd7 49.Nb3 Ra3 50.Qd1 Bc3
51.Kg1 Qb5 52.Qe2 Qc4 53.Nd4 Qxe2 54.Nxe2 Be5 55.Kf1 Kf8 56.Nc1 Ke7 57.Ke2 Bc3
58.Kd1 d4 59.Ke2 dxe3 60.Kxe3 Ra5 61.Kf4 Kd6 62.Ne2 Be5+ 63.Ke4 Ba1 64.Nd4 Bxd4
65.Kxd4 Ra3 66.Rb2 Rxh3 67.Rxb4 Ra3 68.Rb6+  1/2-1/2

[Event "ch-SWE"]
[Site "Linkoping SWE"]
[Date "2001.07.02"]
[Round "3"]
[White "Eriksson,A"]
[Black "Carlsson,P"]
[Result "1/2-1/2"]
[WhiteElo "2335"]
[BlackElo "2330"]

1.Nf3 Nf6 2.c4 e6 3.Nc3 c5 4.g3 b6 5.Bg2 Bb7 6.O-O a6 7.d4 cxd4 8.Qxd4 d6
9.Rd1 Nbd7 10.e4 Rc8 11.b3 Qc7 12.Bb2 Be7 13.Qe3 O-O 14.Rac1 Rfe8 15.Nd4 Bf8  1/2-1/2

[Event "10th AKN Weekender"]
[Site "Haarlem NED"]
[Date "2001.07.07"]
[Round "4"]
[White "Marcus,J"]
[Black "Wismeijer,J"]
[Result "1/2-1/2"]
[WhiteElo "2274"]
[BlackElo "2205"]

1.Nf3 c5 2.c4 Nf6 3.Nc3 d5 4.d4 cxd4 5.Nxd5 Nxd5 6.cxd5 Qxd5 7.Qxd4 Qxd4
8.Nxd4 e5 9.Nb5 Na6 10.Bd2 Be7 11.e3 Be6 12.Be2 O-O 13.O-O Rfd8 14.Bc3 f6
15.f4 Bc5 16.fxe5  1/2-1/2

[Event "Sub-zt 2.3.2"]
[Site "Managua NCA"]
[Date "2001.07.07"]
[Round "8"]
[White "Valdes,Le"]
[Black "Arias Santana,M"]
[Result "1-0"]
[WhiteElo "2387"]
[BlackElo "2207"]

1.Nf3 c5 2.c4 Nf6 3.Nc3 b6 4.g3 Bb7 5.Bg2 g6 6.O-O Bg7 7.d4 cxd4 8.Qxd4 O-O
9.Qh4 d6 10.Bh6 Nbd7 11.Bxg7 Kxg7 12.Qd4 Rc8 13.b3 Rc5 14.Rfd1 Qa8 15.Ne1 a6
16.Bf1 Qa7 17.Nd3 Rc7 18.Nb4 Kg8 19.h4 h5 20.Bh3 Ba8 21.Rac1 Rc5 22.Nd3 Rc7
23.f3 Re8 24.Qe3 Qb8 25.Kh2 b5 26.cxb5 axb5 27.Nb4 Nc5 28.Rc2 Kg7 29.Qd4 Kg8
30.e4 Nfd7 31.Na6 Ne5 32.Rf2 Nc6  1-0

[Event "ch-BEL"]
[Site "Charleroi BEL"]
[Date "2001.07.10"]
[Round "4"]
[White "Chuchelov,V"]
[Black "Winants,L"]
[Result "1-0"]
[WhiteElo "2607"]
[BlackElo "2497"]

1.Nf3 c5 2.c4 Nf6 3.Nc3 d5 4.cxd5 Nxd5 5.d4 Nxc3 6.bxc3 g6 7.e4 Bg7 8.Rb1 O-O
9.Qd2 Bg4 10.d5 e6 11.dxe6 Bxe6 12.Rxb7 Qa5 13.Rb5 Qxc3 14.Qxc3 Bxc3+ 15.Bd2 Bxd2+
16.Kxd2 Bxa2 17.Rxc5 Be6 18.Ng5 Bd7 19.Bc4 a5 20.Rb1 Nc6 21.Rb7 Be8 22.Bxf7+ Bxf7
23.Rxc6 Rab8 24.Rxb8 Rxb8 25.Ra6 Rb5 26.Nxf7 Kxf7 27.Ke3 Rb3+ 28.Kf4 Rb2
29.Ra7+ Ke6 30.Ra6+ Kf7 31.Kg3 Ra2 32.Ra7+ Ke6 33.Rxh7 Ke5 34.Rg7 Kf6 35.Ra7 Ke5
36.Rg7 Kf6 37.Ra7 Ke5 38.f3 a4 39.h4 a3 40.Ra6  1-0

[Event "ch-NOR"]
[Site "Kristiansund NOR"]
[Date "2001.07.10"]
[Round "4"]
[White "Johannessen,LE"]
[Black "Hansen,TR"]
[Result "1-0"]
[WhiteElo "2426"]
[BlackElo "2244"]

1.Nf3 Nf6 2.c4 c5 3.Nc3 g6 4.e4 Nc6 5.d4 cxd4 6.Nxd4 Bg7 7.Be3 Ng4 8.Qxg4 Nxd4
9.Qd1 e5 10.Nb5 O-O 11.Qd2 Qh4 12.Bd3 Ne6 13.O-O d6 14.Rfd1 f5 15.f3 b6 16.Bc2 Bb7
17.exf5 gxf5 18.Nxd6 Rad8 19.Bxf5 Nd4 20.Bg5 Qh5 21.Bg4 Qg6 22.Bxd8 Bxf3
23.Kh1 Bxg4 24.Be7 Bh6 25.Qe1 Nf3 26.Qg3 Bf4 27.Qf2 Bxh2 28.gxf3 Bxf3+ 29.Kxh2 Qh5+
30.Qh4 Bxd1 31.Qxh5  1-0

[Event "Canadian Open"]
[Site "Sackville CAN"]
[Date "2001.07.10"]
[Round "5"]
[White "Mulyar,M"]
[Black "Gurevich,A"]
[Result "1/2-1/2"]
[WhiteElo "2430"]
[BlackElo "2197"]

1.Nf3 c5 2.c4 Nf6 3.Nc3 e6 4.g3 b6 5.Bg2 Bb7 6.O-O Be7 7.d4 cxd4 8.Qxd4 d6
9.Rd1 a6 10.b3 Nbd7 11.Qf4 Qc7 12.Ba3 Nc5 13.Ng5 O-O 14.Bxc5 bxc5 15.Bxb7 Qxb7
16.Nge4 Ne8 17.Qe3  1/2-1/2

[Event "Canadian Open"]
[Site "Sackville CAN"]
[Date "2001.07.15"]
[Round "10"]
[White "Yee,L"]
[Black "Cummings,D"]
[Result "0-1"]
[WhiteElo "2185"]
[BlackElo "2369"]

1.c4 Nf6 2.Nc3 c5 3.Nf3 e6 4.g3 b6 5.Bg2 Bb7 6.O-O a6 7.b3 Be7 8.Bb2 O-O
9.d4 cxd4 10.Nxd4 Bxg2 11.Kxg2 d6 12.e4 Qc7 13.Rc1 Nbd7 14.Qe2 Qb7 15.f3 Rfe8
16.Rfd1 Bf8 17.Qd2 Ne5 18.h3 Rac8 19.Re1 Nfd7 20.Qe2 Nc5 21.Rcd1 h6 22.f4 Ng6
23.Nf3 Rb8 24.Ba3 Qc7 25.Rc1 Be7 26.Qe3 Qb7 27.Bxc5 bxc5 28.Rcd1 Rbd8 29.Rd3 Bf6
30.Na4 Be7 31.Red1 Qc7 32.h4 Bf8 33.Kh2 Ne7 34.Nc3 Nc6 35.e5 dxe5 36.Nxe5 Nd4
37.Nf3 Nf5 38.Qd2 Be7 39.Rd7 Nd4 40.Rxd4 cxd4 41.Nxd4 Bc5 42.Nce2 e5 43.fxe5 Qxe5
44.b4 Bxd4  0-1

[Event "Politiken Cup"]
[Site "Copenhagen DEN"]
[Date "2001.07.20"]
[Round "6"]
[White "Adamski,J"]
[Black "Hovmoller,K"]
[Result "1/2-1/2"]
[WhiteElo "2361"]
[BlackElo "2194"]

1.c4 c5 2.Nf3 Nf6 3.Nc3 d5 4.cxd5 Nxd5 5.g3 Nc6 6.Bg2 g6 7.Qa4 Nxc3 8.dxc3 Bd7
9.Qh4 e6 10.Bg5 Be7 11.Rd1 h6 12.Bxe7  1/2-1/2